Jojo's Part 5 Quiz - Statistics

General Stats
  • This quiz has been taken 400 times
  • The average score is 12 of 15
Answer Stats
Hint Answer % Correct
Main character of Part 5 Giorno Giovanna
100%
His best friend Bruno Bucciarati
94%
His second personality Diavolo
92%
Girl they rescued Trish Una
92%
Character who has a plane as a stand Narancia Ghirga
91%
Who is Giornos dad? DIO
89%
In which country is part 5 set in Italy
89%
Character who betrayed the group Pannacotta Fugo
87%
Main villain and the dad of the above Vinegar Doppio
82%
Guy who the group met in the colosseum in Rome Jean Pierre Polnareff
81%
Character who can play back the time Leone Abbacchio
81%
Giornos Stand name Gold Experience
78%
His stand name when he got stabbed with the arrow Gold Experience Requiem
73%
Guy that almost killed the main villian on the hill Risotto Nero
65%
The name of the Mafia they work for La Familia
52%
No matching quizzes found
Score Distribution
Percent of People with Each Score
Percentile by Number Answered
Your Score History
You have not taken this quiz